Grand Larousse de la langue francaise

Bibliographic Details
Format: Book
Language:Undetermined
PhysicalDescription:3699 - 4737 s.
Published: Paris Librairie Larousse 1976

MARC

LEADER 00000nam a2200000 a 4500
001 vtls001427606
003 SK-MaSNL
005 20260224133536.0
008 020123s1976 xx 0 und
035 |a SNK000382581 
040 |a SNK  |b slo  |c SNK  |e AACR2 
245 1 |a Grand Larousse de la langue francaise 
260 |a Paris  |b Librairie Larousse  |c 1976 
300 |a 3699 - 4737 s. 
999 |c 1024761  |d 1026691 
952 |t  snkGUI/5 804.0(031)  |a SNKUST  |b SNKUST  |y PREZ  |7 0  |p 17A0329481  |o snkIB 28897/5   |i snkZK 906/76  |0 0  |1 0  |4 0  |d 2002-01-23  |l 0  |r 2025-04-30 00:00:00  |w 2026-02-24